Statistiques concernant Pays où la peine de mort est en vigueur

Cliquez ici pour prendre le quiz!

Statistiques générales

  • Ce quiz a été pris 1 312 fois
  • Le résultat moyen est 29 sur 52

Statistiques - réponses

ContinentPays% Correct
Amérique du nordEtats-Unis
97%
AsieChine
90%
AsieIran
80%
AsieInde
78%
AsieIrak
78%
AsieArabie saoudite
77%
AsieCorée du nord
77%
Amérique du nordCuba
75%
AsieJapon
75%
AsiePakistan
74%
AsieIndonésie
73%
AfriqueEgypte
69%
AsieAfghanistan
65%
AfriqueSomalie
65%
AsieSyrie
65%
AsieYemen
65%
AfriqueRépublique démocratique du Congo
64%
AfriqueSoudan
63%
AsieVietnam
62%
AfriqueLibye
60%
AsieOman
60%
Amérique du nordJamaïque
59%
AfriqueNigeria
58%
AsieJordanie
56%
AsieMalaisie
56%
AsieLiban
54%
EuropeBelarus
53%
AfriqueEthiopie
53%
AsieKoweït
53%
AfriqueTchad
52%
AsieBangladesh
50%
AsieEmirats Arabes Unis
49%
AfriqueSoudan du sud
48%
Amérique du nordBelize
46%
Amérique du nordBarbade
44%
Amérique du nordDominique
41%
Amérique du nordSainte Lucie
41%
AsieSingapour
41%
Amérique du nordSaint-Vincent-et-les-Grenadines
40%
AsieTaïwan
40%
AfriqueGuinée
39%
Amérique du nordAntigua-et-Barbuda
38%
Amérique du sudGuyana
38%
AfriqueOuganda
38%
AfriqueZimbabwe
38%
Amérique du nordSaint-Christophe-et-Niévès
35%
Amérique du nordTrinité-et-Tobago
34%
AfriqueLesotho
33%
AfriqueBotswana
30%
AfriqueGambie
30%
AfriqueGuinée équatoriale
29%
AfriqueSierra Leone
28%

Distribution des résultats

Percentile par nombre de réponses

% des personnes avec chaque résultat

Votre développement - résultats

Vous n’avez pas pris ce quiz